LEADER 01326nam a2200265 i 4500 001 000000192843 003 CaOOAMICUS 005 20101004000000.0 008 101004s2010 it u000 u ita u 013 $a171477 020 $a978-88-213-0757-7 040 $aSeMil$bita 100 1 $aBorsi, Mara.$0(OLS)http://semarc/name/37007 245 12$aL'animazione della pastorale giovanile nell'Istituto delle Figlie di Maria Ausiliatrice (1962-2008) :$belementi di sintesi e linee di futuro /$cMara Borsi, Ambito PG. 260 $aRoma :$bLAS,$c2010. 300 $a327 p. ;$c21 cm. 490 0 $aOrizzonti ;$v26 650 4$aFiglie di Maria Ausiliatrice - Pastorale e catechesi.$0(OLS)http://semarc/subject/18980 830 0$aOrizzonti / Pontificia facoltà di scienze dell'educazione Auxilium ;$v26.$0(OLS)http://semarc/title/22811 850 $aSeMil 852 $aSeMil$W1$xVenegono$y1$m3G III 290$j143417$B143417$CSeMilBibl$Z2$F156138 $81 961 $aOmaggio per recensione: Scuola Cattolica 996 $6020$a978-88-213-0757-7$9(OLS)http://semarc/number/184155 996 $6245$aL'animazione della pastorale giovanile nell'Istituto delle Figlie di Maria Ausiliatrice (1962-2008) :$belementi di sintesi e linee di futuro$9(OLS)http://semarc/title/277984 996 $6260$aRoma :$bLAS$9(OLS)http://semarc/publisher/29900 LEADER 01015nam a2200229 i 4500 001 000000073073 003 CaOOAMICUS 005 20250909102539.0 008 090511s1961 it u000 u ita u 013 $a44245 040 $aSeMil$bita 100 1 $aSinistrero, Vincenzo.$0(OLS)http://semarc/name/20605 245 13$aLa scuola cattolica :$bdiritti e cifre /$cVincenzo Sinistrero ; presentazione di S. E. Card. G. Siri. 260 $aTorino :$bSocietà Editrice Internazionale,$c1961. 300 $aVIII, 151 p. ;$c24 cm. 650 4$aScuola cattolica - Italia - Legislazione.$0(OLS)http://semarc/subject/14810 700 1 $aSiri, Giuseppe,$c.$0(OLS)http://semarc/name/1364 850 $aSeMil 852 $aSeMil$W1$xVenegono$y1$m2Q III 343$j39226$B39226$CSeMilBibl$Z2$F39229 $81 996 $6245$aLa scuola cattolica :$bdiritti e cifre$9(OLS)http://semarc/title/117962 996 $6260$aTorino :$bSocietà Editrice Internazionale$9(OLS)http://semarc/publisher/29847